<?xml version="1.0" encoding="UTF-8"?>
<record
    xmlns:xsi="http://www.w3.org/2001/XMLSchema-instance"
    xsi:schemaLocation="http://www.loc.gov/MARC21/slim http://www.loc.gov/standards/marcxml/schema/MARC21slim.xsd"
    xmlns="http://www.loc.gov/MARC21/slim">

  <leader>00451nam a2200157Ia 4500</leader>
  <controlfield tag="008">230718s9999    xx            000 0 und d</controlfield>
  <datafield tag="041" ind1=" " ind2=" ">
    <subfield code="a">eng</subfield>
  </datafield>
  <datafield tag="082" ind1=" " ind2=" ">
    <subfield code="a">658.5</subfield>
    <subfield code="b">EKA</subfield>
  </datafield>
  <datafield tag="100" ind1=" " ind2=" ">
    <subfield code="a">Ekatpure A.M.</subfield>
  </datafield>
  <datafield tag="245" ind1=" " ind2=" ">
    <subfield code="a">Industrial Engineering And Management</subfield>
  </datafield>
  <datafield tag="260" ind1=" " ind2=" ">
    <subfield code="c">2009</subfield>
    <subfield code="b">Tech-Max Publications</subfield>
  </datafield>
  <datafield tag="300" ind1=" " ind2=" ">
    <subfield code="a">146</subfield>
  </datafield>
  <datafield tag="365" ind1=" " ind2=" ">
    <subfield code="c">Rs.</subfield>
    <subfield code="b">175.00</subfield>
  </datafield>
  <datafield tag="700" ind1=" " ind2=" ">
    <subfield code="a">Ekatpure A.M. &amp; Salunke N.S.</subfield>
    <subfield code="9">190740</subfield>
  </datafield>
  <datafield tag="906" ind1=" " ind2=" ">
    <subfield code="d">O:0047114-Jan-2010B:217327-Jul-2009</subfield>
    <subfield code="c">MECH</subfield>
    <subfield code="b">26.25</subfield>
  </datafield>
  <datafield tag="999" ind1=" " ind2=" ">
    <subfield code="c">323568</subfield>
    <subfield code="d">323568</subfield>
  </datafield>
  <datafield tag="952" ind1=" " ind2=" ">
    <subfield code="0">0</subfield>
    <subfield code="1">0</subfield>
    <subfield code="4">0</subfield>
    <subfield code="7">0</subfield>
    <subfield code="a">CCEP</subfield>
    <subfield code="b">CCEP</subfield>
    <subfield code="d">2010-01-14</subfield>
    <subfield code="e">Om Book Stall</subfield>
    <subfield code="f">MECH</subfield>
    <subfield code="g">148.75</subfield>
    <subfield code="i">2173</subfield>
    <subfield code="l">1</subfield>
    <subfield code="o">658.5</subfield>
    <subfield code="p">CCEP-BK-34775</subfield>
    <subfield code="q">2026-06-10</subfield>
    <subfield code="r">2026-05-14 09:11:20</subfield>
    <subfield code="s">2026-05-14</subfield>
    <subfield code="t">26.25</subfield>
    <subfield code="v">175.00</subfield>
    <subfield code="w">2009-07-27</subfield>
    <subfield code="y">BK</subfield>
    <subfield code="z">034775</subfield>
  </datafield>
</record>
